000 01352cam a2200265 i 4500
999 _c7773
_d7773
003 OSt
005 20200521103914.0
008 121130s2012 cc a 000 0 chi
020 _a9787535652874 (set)
082 _a720.951
110 2 _6880-01
_aGuangzhou Shi Tang yi wen hua chuan bo you xian gong si.
245 1 0 _6880-02
_aJian zhu Zhongguo :
_bZhongguo dang dai you xiu jian zhu zuo pin ji /
_cTang yi she ji zi xun ji tuan you xian gong si ce hua ; Guangzhou Shi Tang yi wen hua chuan bo you xian gong si bian zhu.
246 3 0 _6880-03
_aZhongguo dang dai you xiu jian zhu zuo pin ji
250 _6880-04
_aDi 1 ban.
300 _a3 volumes (287; 293; 273 pages) :
_bchiefly illustrations, chiefly color ;
_c34 cm
650 0 _aArchitecture
_zChina
_xHistory
_y21st century
_vPictorial works.
710 2 _6880-06
_aTang yi she ji zi xun ji tuan you xian gong si.
880 2 _6110-01/$1
_a广州市唐艺文化传播有限公司.
880 1 0 _6245-02/$1
_a建筑中国 :
_b中国当代优秀建筑作品集 /
_c唐艺设计资讯集团有限公司策划;广州市唐艺文化传播有限公司编著.
880 3 0 _6246-03/$1
_a中国当代优秀建筑作品集
880 _6250-04/$1
_a第 1 版.
880 1 _6264-05/$1
_a长沙市 :
_b湖南美术出版社,
_c2012.
880 2 _6710-06/$1
_a唐艺设计资讯集团有限公司.
942 _2ddc